Testing and analysis of a twin spine single span box-girder model /

Uloženo v:
Podrobná bibliografie
Hlavní autor: Priestley, M. J. N.
Korporativní autor: New Zealand. Road Research Unit
Médium: Kniha
Jazyk:English
Vydáno: Wellington : Roads Research Unit, National Roads Board, 1975..
Edice:Road Research Unit bulletin ; no. 30
Témata:
LEADER 00764nam a2200217 a 4500
001 c000270558
003 CARM
005 20070904105922.0
008 871023s1975 nz a b f000 0 eng d
040 |a VCAV  |c VCAV 
082 0 4 |a 624.4 
100 1 |a Priestley, M. J. N. 
245 1 0 |a Testing and analysis of a twin spine single span box-girder model /  |c M.J.N. Priestley. 
260 |a Wellington :  |b Roads Research Unit, National Roads Board,  |c 1975.. 
300 |a 46 p. :  |b ill. ;  |c 30 cm. 
490 1 |a RRU bulletin ;  |v no. 30 
504 |a Bibliography: p. 16. 
650 0 |a Bridges, Box girder. 
710 1 |a New Zealand.  |b Road Research Unit 
830 0 |a Road Research Unit bulletin ;  |v no. 30 
999 f f |i 049669e3-829c-5436-b6df-e1e647fe0bc0  |s 4eb8a339-5a96-514b-a3db-81dd556252ad